Countries Ending in "IA" by Clue #2 - Statistics

General Stats
  • This quiz has been taken 13,894 times
  • The average score is 12 of 21
Answer Stats
Hint Answer % Correct
More than 90% surrounded by Senegal Gambia
87%
The southernmost country bombed by Japan in WWII Australia
74%
Pressure from Greece led to "North" being added to its name North Macedonia
74%
Melania Trump was born here Slovenia
74%
Its flag has one big red cross and four smaller ones Georgia
70%
African country whose constitution from 1847 is based on the U.S. Constitution Liberia
70%
Controls the Ghawar oil field Saudi Arabia
69%
Its cities include Graz and Linz Austria
63%
Known as Republika Hrvatska in its own language Croatia
59%
With Palau and the Marshall Islands, it is one of three countries in a Pact of Free Association with the United States F. S. Micronesia
58%
Driest country in sub-Saharan Africa Namibia
58%
From 1885–1919, it was part of German East Africa Tanzania
58%
Formerly the Roman province of Dacia Romania
56%
Formerly known as Northern Rhodesia Zambia
55%
Its three largest ethnic groups are Hausa, Yoruba, and Igbo Nigeria
52%
The only country in the former USSR with a well-preserved Greek temple Armenia
49%
Roughly a third of its population lives in the capital, Nouakchott Mauritania
48%
Country just north of the above Latvia
42%
In 1440 AD, it was a Grand Duchy that was the largest country in Europe Lithuania
42%
Dravidian languages are spoken in the south, Aryan languages in the north India
40%
The bacteria which is used to make yogurt is named for this country Bulgaria
25%
No matching quizzes found
Score Distribution
Percent of People with Each Score
Percentile by Number Answered
Your Score History
You have not taken this quiz